000 01368nam a22003617a 4500
003 CHAP
005 20220329134337.0
008 971013s1985 r 00010 d
010 _a19076
011 _a20048
035 _a24135
040 _cCHAP
090 _aTesis
100 0 0 _aAllegretti Sanchez, Alejandro Remo.
_94374
245 _aDeterminación de la habilidad competitiva entre 5 variedades y 1 híbrido de maíz (Zea mays) en contra de la maleza durante el ciclo verano-otoño 1982 en el campo experimental de la F.A.U.A.N.L. en Marín, Nuevo León
260 _aMarín, N.L., :
_bEl autor,
_c1985
300 _a43 h
502 _aTesis (Ing. Agrónomo Fitotecnista) -- Univ. Autónoma de Nuevo León. Fac. de Agronomía
590 _aALEPH
_b10
_c20130110
_lUCH01
_h1242
590 _aBATCH-UPD
_b10
_c20130110
_lUCH01
_h0304
590 _aBATCH-UPD
_b10
_c20130110
_lUCH01
_h1722
590 _aBATCH-UPD
_b10
_c20130409
_lUCH01
_h2335
590 _aBATCH-UPD
_b10
_c20130410
_lUCH01
_h1427
590 _aBATCH-UPD
_b10
_c20130914
_lUCH01
_h1749
590 _aCONVERSION
_b10
_c20130109
_lUCH01
_h1312
650 1 4 _aMaíz
_xHíbridos.
_970974
650 1 4 _aMaíz
_xMalas hierbas.
_971002
650 1 4 _aMaíz
_xNuevo León.
_971029
650 1 4 _aMaíz
_xVariedades.
_971081
901 _aBK
942 _cTESIS
949 _bBC
_cTES
_d-55775
_eTS1
_h19103
_i24135
_si
999 _c19076
_d19076